000 00661nam a2200193Ia 4500
008 151121s9999||||xx |||||||||||||| ||und||
082 _a833/राय
082 _bHNW-43461
100 _aराय सत्यजित
245 _aफेलू दा एण्ड क म्पनी
260 _b"सरस्वती विहार, दिल्ली।"
260 _c--
300 _a137
600 _aराय सत्यजित
630 _aफेलू दा एण्ड क म्पनी
700 _aराय सत्यजित
730 _aफेलू दा एण्ड क म्पनी
942 _cBOOK
999 _c1231543
_d1231540